| 000 | 00000nam##2200000za#4500 |
| 001 | 9.638984 |
| 003 | CaOODSP |
| 005 | 20210624221937 |
| 007 | cr ||||||||||| |
| 008 | 150407|2009||||xxc|||||o f|0| 0 fre|d |
| 040 | |aCaOODSP|bfre |
| 043 | |an-cn--- |
| 086 | 1 |aP103-8/2-2009F-PDF |
| 110 | 1 |aCanada.|bTravaux publics et Services gouvernementaux Canada. |bDirection générale des services d'information du gouvernement. |
| 245 | 10|aNormes pour la recherche sur l'opinion publique effectuée par le gouvernement du Canada - sondages téléphoniques |h[ressource électronique] |
| 260 | |aOttawa - Ontario : |bTravaux publics et Services gouvernementaux Canada. |cNovembre 2009. |
| 300 | |a30p. |
| 590 | |a11-11-Supp|b2011-07-13 |
| 691 | 07|aOpinion publique|2gcpds |
| 775 | 08|tStandards for the conduct of government of Canada public opinion research - telephone surveys |w(CaOODSP)9.694813 |
| 856 | 40|ahttp://publications.gc.ca|qPDF|s110 Ko|uhttps://publications.gc.ca/collections/collection_2011/tpsgc-pwgsc/P103-8-2-2009-fra.pdf |